000 00903cab a2200241 4500
001 ABS41659
008 090401t1989 xxu||||| |||| 00| 0 eng d
035 _a(Sirsi) u31491
041 _aeng
100 _aNicholls, N.
245 _aContractors` "duty to warn" following D & F Estates and University of Glasgow v Whitfield
260 _c1989
350 _a0
490 _aConstruction Journal
_v5(3) November 1989, 175-184(10)
520 _aConsiders the duty of contractors to warn employers or architects of errors in building design , in the light of two recent decisions University of Glasgow v Whitfield (1988) CILL 416-418 and D & F Estates v Church Commissioners (See Abstract 41070)
650 _aBUILDING DEFECTS
650 _aDUTY TO WARN
650 _aLIABILITY
650 _aNEGLIGENCE
690 _aBUILT ENVIRONMENT-BUILDING PATHOLOGY
942 _n0
948 _c04/03/1997
999 _c21144
_d21144